[Event "2. Bundesliga Ost 2008/2009"]
[Site "3-5.10.Bruck,22-23.11.Poechlarn,17-18.1.Wr.Neust,28
[Date "2009.03.01"]
[Round "9"]
[Board "3"]
[White "Vlcek, Stanislav"]
[Black "Todor, Razvan"]
[Result "1/2-1/2"]
[WhiteElo "2312"]
[BlackElo "2215"]
[PlyCount "61"]
[EventDate "2008.10.03"]
[EventType "team"]
[EventRounds "11"]
[EventCountry "AUT"]
[WhiteTeam "Blackburne Nickelsdorf"]
[BlackTeam "1. Wr. Neustaedter SV"]

1.e4 e5 2.Nf3 Nc6 3.Bb5 Nf6 4.d3 Bc5 5.c3 d6 6.O-O O-O 7.Re1 Bg4 8.h3 Bh5 9.Nbd2
a6 10.Ba4 b5 11.Bb3 Re8 12.Nf1 d5 13.Ng3 Bg6 14.Qe2 dxe4 15.dxe4 Na5 16.Bc2 Nc4
17.Nh4 Qd7 18.a4 Qc6 19.Nhf5 Rad8 20.Bb3 Qb6 21.axb5 axb5 22.Bg5 Nd6 23.Nh6+ Kf8
24.Bxf6 gxf6 25.h4 Kg7 26.Ng4 f5 27.exf5 Nxf5 28.Nxf5+ Bxf5 29.Qf3 Bxg4 30.Qxg4+
Qg6 31.Qxg6+

[Event "2. Bundesliga Ost 2008/2009"]
[Site "3-5.10.Bruck,22-23.11.Poechlarn,17-18.1.Wr.Neust,28
[Date "2009.03.01"]
[Round "9"]
[Board "5"]
[White "Bachofner, Andreas"]
[Black "Posch, Werner"]
[Result "1/2-1/2"]
[WhiteElo "2245"]
[BlackElo "2234"]
[PlyCount "33"]
[EventDate "2008.10.03"]
[EventType "team"]
[EventRounds "11"]
[EventCountry "AUT"]
[WhiteTeam "Blackburne Nickelsdorf"]
[BlackTeam "1. Wr. Neustaedter SV"]

1.Nf3 Nf6 2.b3 d5 3.Bb2 Bf5 4.e3 e6 5.Be2 h6 6.c4 Be7 7.O-O O-O 8.Nc3 c6 9.d4
Nbd7 10.Bd3 Bxd3 11.Qxd3 Qa5 12.a3 Qa6 13.Rfd1 Rad8 14.cxd5 Qxd3 15.Rxd3 exd5
16.b4 a6 17.Na4

[Event "2. Bundesliga Ost 2008/2009"]
[Site "3-5.10.Bruck,22-23.11.Poechlarn,17-18.1.Wr.Neust,28
[Date "2009.03.01"]
[Round "9"]
[Board "6"]
[White "Steiner, Bruno"]
[Black "Steinert, Martin"]
[Result "0-1"]
[WhiteElo "2177"]
[BlackElo "2058"]
[PlyCount "66"]
[EventDate "2008.10.03"]
[EventType "team"]
[EventRounds "11"]
[EventCountry "AUT"]
[WhiteTeam "1. Wr. Neustaedter SV"]
[BlackTeam "Blackburne Nickelsdorf"]

1.c4 e5 2.g3 Nc6 3.Bg2 g6 4.Nc3 Bg7 5.e4 Nd4 6.Nge2 Nxe2 7.Qxe2 Ne7 8.d3 Nc6
9.Be3 d6 10.Qd2 Nd4 11.O-O O-O 12.Rab1 Bh3 13.b4 Bxg2 14.Kxg2 c6 15.f3 Ne6 16.b5
f5 17.bxc6 bxc6 18.Rb2 f4 19.Bg1 h5 20.Ne2 Bh6 21.d4 Qc8 22.dxe5 dxe5 23.Qd6
fxg3 24.h4 Qe8 25.Rb7 Rd8 26.Qe7 Qxe7 27.Rxe7 Nf4+ 28.Nxf4 Bxf4 29.Rxa7 Rd2+
30.Kh3 Rb8 31.a4 Rbb2 32.Ra8+ Kh7 33.Ra7+ Kh6

[Event "2. Bundesliga Ost 2008/2009"]
[Site "3-5.10.Bruck,22-23.11.Poechlarn,17-18.1.Wr.Neust,28
[Date "2009.03.01"]
[Round "9"]
[Board "2"]
[White "Rumpl, Erwin"]
[Black "Mlynek, Petr"]
[Result "1-0"]
[WhiteElo "2310"]
[BlackElo "2218"]
[PlyCount "63"]
[EventDate "2008.10.03"]
[EventType "team"]
[EventRounds "11"]
[EventCountry "AUT"]
[WhiteTeam "ASVOE VHS Poechlarn"]
[BlackTeam "SK Zwettl"]

1.Nf3 d5 2.d4 c6 3.g3 Nf6 4.Bg2 Bf5 5.O-O h6 6.c4 e6 7.Nc3 Nbd7 8.Qb3 Qb6 9.c5
Qxb3 10.axb3 Be7 11.b4 Ne4 12.Nd2 Nxc3 13.bxc3 O-O 14.f3 e5 15.e4 Be6 16.dxe5
Nxe5 17.f4 Ng4 18.f5 Bd7 19.exd5 cxd5 20.Bxd5 Ne3 21.Bxb7 Nxf1 22.Nxf1 Rad8
23.Ne3 Bg5 24.h4 Bxe3+ 25.Bxe3 Bxf5 26.Bd4 Rfe8 27.Rxa7 Bd3 28.c6 Re1+ 29.Kf2
Rde8 30.Ra8 Rxa8 31.Bxa8 Re8 32.Bb7

[Event "2. Bundesliga Ost 2008/2009"]
[Site "3-5.10.Bruck,22-23.11.Poechlarn,17-18.1.Wr.Neust,28
[Date "2009.03.01"]
[Round "9"]
[Board "3"]
[White "Pakosta, Miroslav"]
[Black "Weinzettl, Ernst"]
[Result "1/2-1/2"]
[WhiteElo "2156"]
[BlackElo "2249"]
[PlyCount "67"]
[EventDate "2008.10.03"]
[EventType "team"]
[EventRounds "11"]
[EventCountry "AUT"]
[WhiteTeam "SK Zwettl"]
[BlackTeam "ASVOE VHS Poechlarn"]

1.e4 e6 2.d4 d5 3.e5 c5 4.c3 Bd7 5.Nf3 a6 6.a3 cxd4 7.cxd4 Bb5 8.Bxb5+ axb5
9.O-O b4 10.Qd3 Qb6 11.Be3 Ne7 12.Nbd2 Nf5 13.g4 Nxe3 14.fxe3 Be7 15.a4 Qa6
16.Qxa6 Rxa6 17.Rfc1 Nc6 18.Ne1 f6 19.exf6 gxf6 20.Kf2 h5 21.gxh5 Rxh5 22.Nef3
e5 23.dxe5 fxe5 24.e4 dxe4 25.Nxe4 Nd4 26.Nxd4 exd4 27.Kg2 Rah6 28.Rh1 Re6
29.Ng3 Rc5 30.Rhe1 Rc2+ 31.Kf3 Rf6+ 32.Ke4 Rxb2 33.Kxd4 Kd7 34.Ne4

[Event "2. Bundesliga Ost 2008/2009"]
[Site "3-5.10.Bruck,22-23.11.Poechlarn,17-18.1.Wr.Neust,28
[Date "2009.03.01"]
[Round "9"]
[Board "4"]
[White "Mittermayr, Gerhard"]
[Black "Wagner, Stefan"]
[Result "1-0"]
[WhiteElo "2175"]
[BlackElo "2133"]
[PlyCount "61"]
[EventDate "2008.10.03"]
[EventType "team"]
[EventRounds "11"]
[EventCountry "AUT"]
[WhiteTeam "ASVOE VHS Poechlarn"]
[BlackTeam "SK Zwettl"]

1.e4 e5 2.Nf3 Nc6 3.Bb5 a6 4.Ba4 Nf6 5.O-O Be7 6.Re1 b5 7.Bb3 O-O 8.a4 b4 9.d4
d6 10.h3 exd4 11.Nxd4 Nxd4 12.Qxd4 a5 13.Bg5 Bb7 14.Nd2 h6 15.Bh4 Nd7 16.Bxe7
Qxe7 17.Nc4 Qf6 18.e5 Nxe5 19.Nxe5 dxe5 20.Qxe5 Qg6 21.Qg3 Ra6 22.Re7 Qf5 23.Re5
Qd7 24.Rae1 Kh8 25.Re7 Qf5 26.R1e5 Qf6 27.Rxc7 Bc8 28.Bxf7 Bf5 29.Bc4 Rd6
30.Rxf5 Qxf5 31.Qxg7#

[Event "2. Bundesliga Ost 2008/2009"]
[Site "3-5.10.Bruck,22-23.11.Poechlarn,17-18.1.Wr.Neust,28
[Date "2009.03.01"]
[Round "9"]
[Board "5"]
[White "Vykydal, Frantisek"]
[Black "Gattermayer, Robert"]
[Result "1/2-1/2"]
[WhiteElo "2246"]
[BlackElo "2078"]
[PlyCount "34"]
[EventDate "2008.10.03"]
[EventType "team"]
[EventRounds "11"]
[EventCountry "AUT"]
[WhiteTeam "SK Zwettl"]
[BlackTeam "ASVOE VHS Poechlarn"]

1.e4 e5 2.Nf3 Nf6 3.Nc3 Nc6 4.Bb5 Nd4 5.Bc4 d6 6.Nxd4 exd4 7.Nd5 c6 8.Nxf6+ Qxf6
9.a4 Be7 10.O-O Qg6 11.Qf3 O-O 12.b3 Be6 13.Bxe6 fxe6 14.Qd3 Rf4 15.Bb2 Qxe4
16.Qxe4 Rxe4 17.Rae1 Rxe1

[Event "2. Bundesliga Ost 2008/2009"]
[Site "3-5.10.Bruck,22-23.11.Poechlarn,17-18.1.Wr.Neust,28
[Date "2009.03.01"]
[Round "9"]
[Board "6"]
[White "Porod, Robert"]
[Black "Stadler, Peter"]
[Result "0-1"]
[WhiteElo "2082"]
[BlackElo "2186"]
[PlyCount "84"]
[EventDate "2008.10.03"]
[EventType "team"]
[EventRounds "11"]
[EventCountry "AUT"]
[WhiteTeam "ASVOE VHS Poechlarn"]
[BlackTeam "SK Zwettl"]

1.d4 Nf6 2.c4 g6 3.Nc3 d5 4.e3 Bg7 5.Nf3 O-O 6.Bd3 c5 7.h3 cxd4 8.exd4 Nc6 9.O-O
Nb4 10.Bb1 dxc4 11.Qe2 Qc7 12.Re1 Nbd5 13.Ne5 Be6 14.Nxd5 Bxd5 15.Bf4 Qb6 16.Qd2
Rfd8 17.Be3 Rac8 18.a3 Qa6 19.Ba2 b5 20.Rec1 Qb6 21.a4 a6 22.Qb4 Qb7 23.f3 Nd7
24.Nxd7 Rxd7 25.axb5 axb5 26.b3 Rdc7 27.bxc4 Bxc4 28.Rc2 Qd5 29.Bxc4 Rxc4
30.Rxc4 Rxc4 31.Qxe7 Bxd4 32.Re1 b4 33.Bxd4 Qxd4+ 34.Kh2 Qf4+ 35.Kg1 b3 36.Qa3
Qd4+ 37.Kh1 b2 38.Re8+ Kg7 39.Qf8+ Kf6 40.Qe7+ Kf5 41.Qxf7+ Kg5 42.f4+ Kh6

[Event "2. Bundesliga Ost 2008/2009"]
[Site "3-5.10.Bruck,22-23.11.Poechlarn,17-18.1.Wr.Neust,28
[Date "2009.03.01"]
[Round "9"]
[Board "1"]
[White "Beim, Valeri"]
[Black "Videki, Sandor"]
[Result "1/2-1/2"]
[WhiteElo "2506"]
[BlackElo "2428"]
[PlyCount "24"]
[EventDate "2008.10.03"]
[EventType "team"]
[EventRounds "11"]
[EventCountry "AUT"]
[WhiteTeam "SV Tschaturanga Neubau"]
[BlackTeam "Spg Data Technlogy Eichgraben/P."]

1.c4 e5 2.g3 Nf6 3.Bg2 Nc6 4.Nc3 Bb4 5.Nd5 Bc5 6.e3 O-O 7.Ne2 a6 8.d4 Ba7
9.Nxf6+ Qxf6 10.d5 Nb8 11.O-O d6 12.Kh1 Qe7

[Event "2. Bundesliga Ost 2008/2009"]
[Site "3-5.10.Bruck,22-23.11.Poechlarn,17-18.1.Wr.Neust,28
[Date "2009.03.01"]
[Round "9"]
[Board "2"]
[White "Ganaus, Hannes"]
[Black "Kreindl, Helmut"]
[Result "1/2-1/2"]
[WhiteElo "2275"]
[BlackElo "2171"]
[PlyCount "80"]
[EventDate "2008.10.03"]
[EventType "team"]
[EventRounds "11"]
[EventCountry "AUT"]
[WhiteTeam "Spg Data Technlogy Eichgraben/P."]
[BlackTeam "SV Tschaturanga Neubau"]

1.d4 d5 2.c4 e6 3.Nc3 Nf6 4.cxd5 exd5 5.Bg5 Be7 6.e3 c6 7.Bd3 Nbd7 8.Nge2 O-O
9.Qc2 Re8 10.O-O Nf8 11.f3 g6 12.Rad1 Ne6 13.Bh4 a6 14.Kh1 Ng7 15.a3 Bf5 16.Bf2
Bxd3 17.Qxd3 Bd6 18.e4 dxe4 19.fxe4 Ng4 20.Bg3 Bxg3 21.Qxg3 f5 22.h3 Nh6 23.e5
Nh5 24.Qf3 Qg5 25.g3 Rad8 26.Kh2 Rd7 27.Nf4 Nxf4 28.gxf4 Qh4 29.d5 cxd5 30.Nxd5
Kh8 31.Qg3 Ng4+ 32.Kg2 Qxg3+ 33.Kxg3 Rxd5 34.hxg4 Rb5 35.gxf5 gxf5 36.b4 a5
37.Rd7 axb4 38.Ra1 Rg8+ 39.Kf3 Rg7 40.Rd8+ Rg8

[Event "2. Bundesliga Ost 2008/2009"]
[Site "3-5.10.Bruck,22-23.11.Poechlarn,17-18.1.Wr.Neust,28
[Date "2009.03.01"]
[Round "9"]
[Board "3"]
[White "Kleiser, Gregor"]
[Black "Neumeier, Klaus"]
[Result "0-1"]
[WhiteElo "2326"]
[BlackElo "2319"]
[PlyCount "120"]
[EventDate "2008.10.03"]
[EventType "team"]
[EventRounds "11"]
[EventCountry "AUT"]
[WhiteTeam "SV Tschaturanga Neubau"]
[BlackTeam "Spg Data Technlogy Eichgraben/P."]

1.b4 e5 2.Bb2 d6 3.c4 Nf6 4.g3 g6 5.Bg2 Bg7 6.d3 O-O 7.Nc3 Nbd7 8.Nf3 Re8 9.Nd2
Nf8 10.O-O h5 11.a4 h4 12.a5 a6 13.c5 d5 14.c6 bxc6 15.Na4 hxg3 16.hxg3 Rb8
17.Ba3 Ng4 18.Rc1 Qg5 19.Nf3 Qh5 20.e4 Ne6 21.Re1 Bd7 22.Qb3 Bf6 23.Qc3 Rb5
24.exd5 cxd5 25.Rxe5 Nxe5 26.Nxe5 Bg7 27.Nxd7 Bxc3 28.Nxc3 Qf5 29.Nxb5 axb5
30.Bb2 Nd4 31.Bxd4 Qxd7 32.a6 Qd6 33.a7 Qxb4 34.Be3 Qb3 35.Rxc7 Qd1+ 36.Bf1 d4
37.Bxd4 Qf3 38.Be3 Kg7 39.Bd4+ Kh6 40.Rc1 Qd5 41.Bc5 Qa2 42.Bg2 b4 43.Be3+ Kh7
44.Rc7 Qa1+ 45.Kh2 Kg7 46.Rc1 Qa5 47.Bd4+ f6 48.Rc5 Qxa7 49.Rc4 Qe7 50.Rc6 Rh8+
51.Kg1 Qe1+ 52.Bf1 Rf8 53.Rb6 Rf7 54.Bc5 Rc7 55.Bxb4 Qd1 56.Ba3 Rc2 57.Bb2 Qe1
58.Rb7+ Kg8 59.Rb8+ Kf7 60.Rb7+ Ke8

[Event "2. Bundesliga Ost 2008/2009"]
[Site "3-5.10.Bruck,22-23.11.Poechlarn,17-18.1.Wr.Neust,28
[Date "2009.03.01"]
[Round "9"]
[Board "4"]
[White "Weissenbeck, Manuel"]
[Black "Wukits, Rene"]
[Result "0-1"]
[WhiteElo "2279"]
[BlackElo "2318"]
[PlyCount "148"]
[EventDate "2008.10.03"]
[EventType "team"]
[EventRounds "11"]
[EventCountry "AUT"]
[WhiteTeam "Spg Data Technlogy Eichgraben/P."]
[BlackTeam "SV Tschaturanga Neubau"]

1.d4 Nf6 2.Nf3 c5 3.d5 e6 4.c4 exd5 5.cxd5 d6 6.Nc3 g6 7.h3 Bg7 8.e4 a6 9.a4 O-O
10.Bd3 Nh5 11.O-O Nd7 12.Bg5 Bf6 13.Bh6 Re8 14.Qc2 Rb8 15.Rae1 Bg7 16.Be3 Qc7
17.Nd2 Bd4 18.Bxd4 cxd4 19.Ne2 Qb6 20.Nc4 Qc5 21.Rb1 Qb4 22.Nxd4 Ne5 23.Nxe5
Qxd4 24.Nf3 Qf6 25.Qc3 Qf4 26.Bc2 Bd7 27.Rfc1 Rbc8 28.Qd2 Qf6 29.e5 dxe5 30.Ng5
Qf4 31.Qe3 Rc7 32.Bb3 Rcc8 33.Rxc8 Rxc8 34.Rd1 Kg7 35.Ne4 Qxe3 36.fxe3 f5 37.Ng5
Nf6 38.a5 h6 39.Nf3 e4 40.Ne5 Rc5 41.Nxd7 Nxd7 42.Ba4 Ne5 43.b4 Rc8 44.d6 Nd3
45.Rb1 Kf6 46.b5 axb5 47.d7 Ra8 48.Rxb5 Ke7 49.Rd5 Kd8 50.g4 fxg4 51.hxg4 b6
52.Kg2 Rxa5 53.Bb5 Nb4 54.Re5 Nc6 55.Re8+ Kxd7 56.Bxc6+ Kxc6 57.Re6+ Kb7 58.Rxg6
Rg5 59.Rxh6 Rxg4+ 60.Kh3 Rg7 61.Re6 b5 62.Rxe4 Kc6 63.Re6+ Kc5 64.Re8 b4 65.e4
b3 66.Rb8 Kc4 67.e5 Rg6 68.Rc8+ Kd5 69.Rc1 Kd4 70.Re1 b2 71.e6 Kc3 72.e7 Rg8
73.Re3+ Kd2 74.Rg3 Rh8+

[Event "2. Bundesliga Ost 2008/2009"]
[Site "3-5.10.Bruck,22-23.11.Poechlarn,17-18.1.Wr.Neust,28
[Date "2009.03.01"]
[Round "9"]
[Board "5"]
[White "Srienz, Christian"]
[Black "Hechl, Gerald"]
[Result "1/2-1/2"]
[WhiteElo "2232"]
[BlackElo "2218"]
[PlyCount "30"]
[EventDate "2008.10.03"]
[EventType "team"]
[EventRounds "11"]
[EventCountry "AUT"]
[WhiteTeam "SV Tschaturanga Neubau"]
[BlackTeam "Spg Data Technlogy Eichgraben/P."]

1.c4 Nf6 2.Nc3 c5 3.Nf3 e6 4.d4 cxd4 5.Nxd4 Qb6 6.Ndb5 Bc5 7.e3 O-O 8.Ne4 Bb4+
9.Bd2 Qa5 10.Nec3 a6 11.Nd4 Qc7 12.a3 Be7 13.b4 b6 14.Rc1 Bb7 15.Nf3 d6

[Event "2. Bundesliga Ost 2008/2009"]
[Site "3-5.10.Bruck,22-23.11.Poechlarn,17-18.1.Wr.Neust,28
[Date "2009.03.01"]
[Round "9"]
[Board "6"]
[White "Pichler, Michael"]
[Black "Ponjican, Erich"]
[Result "1/2-1/2"]
[WhiteElo "2166"]
[BlackElo "2175"]
[PlyCount "24"]
[EventDate "2008.10.03"]
[EventType "team"]
[EventRounds "11"]
[EventCountry "AUT"]
[WhiteTeam "Spg Data Technlogy Eichgraben/P."]
[BlackTeam "SV Tschaturanga Neubau"]

1.e4 Nf6 2.e5 Nd5 3.d4 d6 4.Nf3 Bg4 5.Be2 Nc6 6.exd6 exd6 7.O-O Be7 8.c3 O-O
9.Qb3 Nb6 10.a4 a5 11.Na3 Bf6 12.Bd3 d5